000 00283nam a22001217a 4500
082 _a423
_bCHI
245 _aChinese-English Dictionary of Scientific and Technical Terms /
260 _c1985.
300 _a1001p
563 _aHB
650 _aDictionary
_9119735
942 _2ddc
_cBK
999 _c614421
_d614421